Труды Института. Вып.61 (Запись № 4400738)
[ простой вид ]
| 000 -МАРКЕР | |
|---|---|
| контрольное поле | 01945nam2a22002651 4500 |
| 001 - ИДЕНТИФИКАТОР ЗАПИСИ | |
| контрольное поле | RU\NLR\IC100\5000000812 |
| 005 - ИДЕНТИФИКАТОР ВЕРСИИ | |
| контрольное поле | 20250617143123.0 |
| 035 ## - ДРУГИЕ СИСТЕМНЫЕ НОМЕРА | |
| Идентификатор записи | (NLR Aleph) 002710294 |
| 100 ## - ДАННЫЕ ОБЩЕЙ ОБРАБОТКИ | |
| Данные общей обработки | 20040120d1975 |||y0rusy50 ca |
| 101 0# - ЯЗЫК РЕСУРСА | |
| Язык текста, звукозаписи и т.д. | русский |
| 102 ## - СТРАНА ПУБЛИКАЦИИ ИЛИ ПРОИЗВОДСТВА | |
| Страна публикации | Российская Федерация |
| 105 ## - ПОЛЕ КОДИРОВАННЫХ ДАННЫХ: ТЕКСТОВЫЕ МАТЕРИАЛЫ, МОНОГРАФИЧЕСКИЕ | |
| Кодированные данные о монографическом текстовом документе | y ||||||||| |
| 200 0# - ЗАГЛАВИЕ И СВЕДЕНИЯ ОБ ОТВЕТСТВЕННОСТИ | |
| Основное заглавие | Вып.61 |
| 210 ## - ПУБЛИКАЦИЯ, РАСПРОСТРАНЕНИЕ И ДР. | |
| Дата издания, распространения и т.д. | 1975 |
| Место издания, распространения и т.д. | Б. м. |
| 225 1# - СЕРИЯ | |
| Основное заглавие серии | ... |
| Обозначение тома | Вып.61 |
| Наименование части | ... |
| Обозначение тома | №5 |
| 461 #0 - УРОВЕНЬ НАБОРА | |
| Встроенное поле | 001RU\NLR\INFOCOMM6\5000006302 |
| -- | 2001#$aТруды Института$fМ-во здрав. РСФСР. Горьковский гос. мед. ин-т им. С.М. Кирова$vВып.61 |
| Системный номер (АБИС) связанной записи | 1803925 |
| Автор | Горьковский медицинский институт имени С.М. Кирова |
| Место публикации | Горький |
| Дата публикации | 1957- |
| Первые сведения об ответственности | М-во здрав. РСФСР. Горьковский гос. мед. ин-т им. С.М. Кирова |
| Заглавие | Труды Института |
| Номер тома | Вып.61 |
| 462 #0 - УРОВЕНЬ ПОДНАБОРА | |
| Встроенное поле | 001RU\NLR\IC100\5000000807 |
| -- | 2001#$aВопросы судебномедицинской экспертизы и криминалистики$fГорьк. гос. мед. ин-т им. С.М. Кирова. Кафедра судебной медицины. Горьк. обл. бюро судебномед. экспертизы. Горьк. отд-ние Всесоюз. науч. о-ва судебных медиков$v№5 |
| Системный номер (АБИС) связанной записи | 4400712 |
| Место публикации | Горький |
| Дата публикации | 1959- |
| Первые сведения об ответственности | Горьк. гос. мед. ин-т им. С.М. Кирова. Кафедра судебной медицины. Горьк. обл. бюро судебномед. экспертизы. Горьк. отд-ние Всесоюз. науч. о-ва судебных медиков |
| Заглавие | Труды Института. - Вопросы судебномедицинской экспертизы и криминалистики |
| Номер тома | №5 |
| 801 #1 - ИСТОЧНИК ЗАПИСИ | |
| Страна | Российская Федерация |
| Организация | InfoComm |
| Дата составления | 20040120 |
| 801 #0 - ИСТОЧНИК ЗАПИСИ | |
| Страна | Российская Федерация |
| Организация | NLR |
| Правила каталогизации | PSBO |
| 852 ## - МЕСТОНАХОЖДЕНИЕ И ШИФР ХРАНЕНИЯ | |
| Идентификатор организации | NLR |
| Шифр хранения (Call Number) | П16/660 |
| 942 ## - ДОПОЛНИТЕЛЬНЫЕ ЭЛЕМЕНТЫ ЗАПИСИ (АБИС) | |
| Тип экземпляра АБИС | Выпуск |
| 980 ## - КОЛЛЕКЦИЯ | |
| Название коллекции | Национальная библиография |
| 980 ## - КОЛЛЕКЦИЯ | |
| Название коллекции | Русская периодика |
Нет доступных экземпляров.